Tipos de cambio y perfomance económica /

Guardado en:
Otros Autores: Abayay, Alejandro E. (Disertante), Sánchez, Oscar Rubén. (Orientador)
Formato: Manuscrito
Idioma:Spanish
Publicado: 2006.
Materias:
Etiquetas: Agregar Etiqueta
Sin Etiquetas, Sea el primero en etiquetar este registro!
LEADER 01008ntm a22002655a 4500
001 EEO.eeo001089
008 070914s2006####ag#####g#bm###000#0#spa#d
005 20141212085828.0
245 1 0 |a Tipos de cambio y perfomance económica /  |c Abayay Alejandro E. 
260 |c 2006. 
300 |a 71 h. ;  |c 30 cm. 
502 |a Tesis (licenciatura)--Universidad Nacional del Sur. Departamento de Economía, 2006. 
500 |a Director de tesis: Sánchez Oscar R. 
504 |a Bibliografía: (p. 56-58). 
100 1 |a Abayay, Alejandro E.  |4 dis 
700 1 |a Sánchez, Oscar Rubén.  |4 ths 
710 2 |a Universidad Nacional del Sur.  |b Departamento de Economía  |4 dgg 
650 7 |a Tipo de cambio.  |2 Isoc 
650 7 |a Política de cambios.  |2 Isoc 
650 7 |a Política monetaria internacional.  |2 Isoc 
650 7 |a Tipo de cambio fijo.  |2 Isoc 
650 7 |a Tipo de cambio flotante.  |2 Isoc 
653 |a Tesis-Lic. en economía 
040 |a AR-BaUEB  |b spa  |c AR-BaUEB 
859 |a AR-BaUEB  |b BIB. ECONOMIA - General  |h I-UNS-T155  |p e14002